Normal view
MARC view
Entry Personal Name
001 - CONTROL NUMBER
- control field: 49495
003 - CONTROL NUMBER IDENTIFIER
- control field: ARRUPE
005 - DATE AND TIME OF LATEST TRANSACTION
- control field: 20200212092257.0
008 - FIXED-LENGTH DATA ELEMENTS
- fixed length control field: 200212|| aca||aabn | a|a d
040 ## - CATALOGING SOURCE
- Original cataloging agency: ARRUPE
- Transcribing agency: ARRUPE
100 ## - HEADING--PERSONAL NAME
- Personal name: James
- Numeration: II,
- Titles and other words associated with a name: King of England,
- Dates associated with a name: 1633-1701
- General subdivision: Family.
670 ## - SOURCE DATA FOUND
- Source citation: Work cat.: (ARRUPE)0: Waller, Maureen. 49494, Ungrateful daughters :, 2002.